| 000 | 00743nam a2200241 u 4500 | ||
|---|---|---|---|
| 005 | 20240924071253.0 | ||
| 008 | 120320s2009 r 000 0 eng d | ||
| 020 | _a9788480634892 | ||
| 035 | _aUPN01000183742 | ||
| 049 | _aCG | ||
| 050 | 4 |
_aP90 _bD8.2 |
|
| 100 | 1 |
_aDuran, Teresa, _d1948- _933503 |
|
| 245 | 1 | 0 |
_aAlbumes y otras lecturas : _banálisis de los libros infantiles / _cTeresa Duran ; tr. Manuel León Urrutia. |
| 260 |
_aBarcelona, Esp. : _bOctaedro, _c2009. |
||
| 300 | _a239 p. | ||
| 440 | 0 |
_aRosa Sensat ; _v13 |
|
| 534 |
_pTítulo original: _tAlbums i altres lectures |
||
| 650 | 2 |
_aComunicación humana _97472 |
|
| 650 | 4 |
_aLectura _913351 |
|
| 650 | 4 |
_aLiteratura infantil _94445 |
|
| 905 | _aLibro | ||
| 999 |
_c155845 _d155845 |
||